| 000 | 01384cam a2200265 4500 | ||
|---|---|---|---|
| 001 | ##L131372 | ||
| 008 | 051026n2005 000 0 eng u | ||
| 020 | _a1841132039 | ||
| 035 | _a(Sirsi) u131372 | ||
| 041 | 0 | _aeng | |
| 050 | 0 | 4 | _a342.41085 $2 18 |
| 100 | 1 | _aAllen, Tom | |
| 245 | 0 | 0 | _aProperty and the Human Rights Act 1998 |
| 260 |
_aOxford _bHart Publishing _c2005 |
||
| 300 |
_axxx, 325p. _c25cm. |
||
| 350 | _a40 | ||
| 490 | 0 |
_aHart Human Rights Law in Perspective _v7 |
|
| 505 | 1 | _aHistory of the right to property -- Applicability of the right to property -- Structure of Article 1 of the First Protocol -- Property and the fair balance -- Compensation and expropriation -- Controls on the use of land -- Private law and the right to property -- Forfeiture and confiscation of property -- The purpose of Article 1 of the First Protocol | |
| 520 | _aAnalyses human rights as defined in Convention for the Protection of Human Rights and Fundamental Freedoms Art 1 and explores the jurisprudence of the European Court of Human Rights Also follows developments in the UK following the enactment of the Human Rights Act 1998. Includes a table of cases. | ||
| 590 | _aIKA061205 | ||
| 650 | 2 | 4 | _aCONVENTION FOR THE PROTECTION OF HUMAN RIGHTS AND FUNDAMENTAL FREEDOMS ART 1 |
| 650 | 2 | 4 | _aHUMAN RIGHTS ACT 1998 |
| 690 |
_aResidential property _96266 |
||
| 942 | _n0 | ||
| 999 |
_c104731 _d104731 |
||